[Event "IIFL Wealth 4th Mumbai GM"]
[Site "Mumbai"]
[Date "2019.01.01"]
[Round "3"]
[White "Pranav Vijay"]
[Black "Sundararajan, Kidambi"]
[Result "1/2-1/2"]
[WhiteElo "2265"]
[BlackElo "2458"]
[Annotator "TA"]
[PlyCount "59"]
[EventDate "2018.12.30"]
[EventType "swiss"]
[EventCountry "IND"]
[SourceTitle "playchess.com"]
[Source "ChessBase"]
[SourceQuality "1"]

{[%evp 13,59,27,29,36,29,33,50,44,47,42,56,22,28,23,22,18,18,16,12,16,5,14,18,4,4,4,10,12,13,0,0,0,0,0,10,-44,112,91,91,62,89,32,43,0,98,0,55,0]} 1. e4 e6 2. d4 d5 3. Bd3 c5 4. exd5 exd5 5. Nf3 Nc6 (5... Nf6 6. O-O c4 7. Re1+ Be7 8. Be2 O-O 9. b3 cxb3 10. axb3 Nc6 11. c3 Re8 12. Nbd2 Bd6 13. Bd3 Bg4 14. Rxe8+ Qxe8 {0-1 (52) Fontaine,R (2563)-Carlsen,M (2834) chess.com INT 2018}) 6. O-O {C01: French: Exchange Variation} c4 7. Be2 Bd6 {LiveBook: 10 Games} 8. Re1 {White has an edge.} Nge7 9. b3 cxb3 10. axb3 O-O 11. c3 $146 ({Predecessor:} 11. Na3 Bg4 12. c3 Re8 13. Nc2 {½-½ (64) Kramer,J (2333)-Neef,M (2451) Barcelona 2017}) 11... Bf5 12. Bd3 Rc8 13. Na3 a6 14. Nc2 Na5 15. Bxf5 Nxf5 16. Qd3 g6 17. Rb1 Re8 18. Rxe8+ Qxe8 19. Bd2 h5 20. h3 Qd7 21. Qf1 Nc6 22. g4 Ng7 23. Qg2 Re8 24. Bg5 (24. c4 $11) 24... Re4 $2 {[#]} (24... hxg4 $15 {stays ahead.} 25. hxg4 Ne6) 25. Ne3 (25. Nd2 {is interesting.} Re8 26. Ne3 Be7 27. Bh6 hxg4 28. hxg4 Rd8 29. f4) 25... Bf4 26. Bxf4 Rxf4 27. Nd2 (27. Ne1 $16 hxg4 28. Qxd5) 27... Ne7 $14 28. Nf3 (28. Qg3 $14 Rf6 29. c4) 28... Nc6 $16 29. Nd2 Ne7 30. Nf3 {Precision: White = 55%, Black = 70%.} ({White should play} 30. Qg3 $14 Qd6 31. Nf3) 1/2-1/2

[Event "IIFL Wealth 4th Mumbai GM"]
[Site "Mumbai"]
[Date "2019.01.01"]
[Round "3"]
[White "Ziatdinov, Raset"]
[Black "Nguyen, Van Huy"]
[Result "0-1"]
[WhiteElo "2252"]
[BlackElo "2438"]
[Annotator "TA"]
[PlyCount "80"]
[EventDate "2018.12.30"]
[EventType "swiss"]
[EventCountry "IND"]
[SourceTitle "playchess.com"]
[Source "ChessBase"]
[SourceQuality "1"]

{[%evp 22,80,0,-25,-18,-9,-36,-58,-58,-64,-63,-63,-57,-57,-57,-57,-57,-57,-58,-66,-66,-62,-55,-60,-54,-47,-50,-44,-21,-21,-21,-25,-21,-21,-21,-382,-380,-380,-380,-380,-380,-400,-361,-407,-410,-407,-348,-415,-414,-483,-533,-1029,-969,-947,-706,-507,-386,-1764,-1697,-1694,-982]} 1. e4 c6 2. d4 d5 3. Nc3 dxe4 4. Nxe4 Bf5 5. Ng3 Bg6 6. Nf3 Nd7 7. h4 h6 8. Bd3 Bxd3 9. Qxd3 e6 10. Bd2 Ngf6 11. O-O-O Be7 {B19: Classical Caro-Kann: 4...Bf5 main line} 12. Qe2 {LiveBook: 14 Games} Qb6 13. Ne5 (13. Kb1 Rd8 14. Ne4 c5 15. Bc3 Nxe4 16. Qxe4 Nf6 17. Qe1 Qc6 18. Ne5 Qc7 19. dxc5 Rxd1+ 20. Qxd1 Qxc5 {1-0 (42) Baron,T (2541)-Roiz,M (2600) Skopje 2015}) 13... Rd8 $146 {The position is equal.} ({Predecessor:} 13... Nxe5 14. dxe5 Nd5 15. Ne4 O-O-O 16. Rh3 Qa6 17. Qxa6 bxa6 18. a3 Rd7 19. Rf3 Bxh4 {0-1 (47) Hasan Md,E (2117)-Nayan Kumar,M (1975) Dhaka 2016}) 14. Nh5 Nxh5 15. Qxh5 {[%csl Ge5][%cal Rh5f7] [#]} Nxe5 16. dxe5 Qxf2 17. Rhf1 g6 18. Rxf2 gxh5 19. Rdf1 Rh7 20. g3 Rd5 21. Bf4 Bd8 22. c4 Rd7 23. Rd2 Rxd2 24. Kxd2 $15 {[%mdl 4096] Endgame KRB-KRB} f5 25. exf6 $1 Bxf6 26. b3 Rd7+ 27. Ke2 Bg7 28. Rd1 $2 {[%mdl 8192] [#]} (28. Rf3 $11) 28... Rxd1 $19 29. Kxd1 {KB-KB} Kf7 30. Ke2 Kg6 31. Kf3 Kf5 32. Bd6 e5 {[%cal Be6e5,Be5e4][%mdl 32]} 33. Ke3 a6 34. c5 e4 35. Bf4 Be5 36. Bxh6 Bxg3 37. Bg5 Bh2 38. Kf2 Bf4 39. Bd8 $2 (39. Be7) 39... Kg4 40. Ke2 Bg3 {Precision: White = 31%, Black = 80%.} 0-1

[Event "IIFL Wealth 4th Mumbai GM"]
[Site "Mumbai"]
[Date "2019.01.01"]
[Round "3"]
[White "Saurabh Anand"]
[Black "Laxman, R.R."]
[Result "1-0"]
[WhiteElo "2246"]
[BlackElo "2436"]
[Annotator "TA"]
[PlyCount "59"]
[EventDate "2018.12.30"]
[EventType "swiss"]
[EventCountry "IND"]
[SourceTitle "playchess.com"]
[Source "ChessBase"]
[SourceQuality "1"]

{[%evp 26,59,31,26,56,43,52,10,6,5,12,9,23,0,66,64,153,150,137,138,127,122,125,136,152,137,202,193,439,439,431,427,417,425,506,502]} 1. e4 e5 2. Nf3 Nc6 3. d4 exd4 4. Nxd4 Nf6 5. Nxc6 bxc6 6. e5 Qe7 7. Qe2 Nd5 8. c4 Nb6 9. Nc3 Qe6 10. Qe4 g6 {C45: Scotch Game} 11. f4 (11. Bd2 Bg7 12. c5 Nd5 13. Bc4 Qxe5 14. Qxe5+ Bxe5 15. Bxd5 cxd5 16. O-O-O O-O 17. Nxd5 Rb8 18. Bc3 Bxc3 19. Nxc3 {1-0 (49) Yu,Y (2729)-Dominguez Perez,L (2739) Doha 2016}) 11... Bg7 12. c5 Nd5 13. Bc4 Bb7 14. Be3 {LiveBook: 3 Games} d6 {[%cal Rd6e5]} 15. cxd6 cxd6 16. Nxd5 (16. Bxd5 $5 cxd5 17. Qa4+ Qd7 18. Qxd7+ Kxd7 19. O-O $14) 16... cxd5 17. Bb5+ Kf8 $1 18. Qb4 {Strongly threatening Ba4.} d4 $146 19. Bxd4 {[#] Threatens to win with Bc4.} (19. Qxd4 {feels hotter.} dxe5 20. Qb4+ Kg8 21. O-O Bd5 22. Rad1) 19... Bxg2 (19... a5 $1 $11 20. Qc4 Bxg2 21. Qxe6 fxe6) 20. Rg1 $14 a5 (20... Bd5 $14) 21. Qxd6+ $16 Qxd6 22. exd6 {[%cal Be5d6,Bd6d7][%mdl 32]} Bxd4 23. Rxg2 Be3 24. f5 gxf5 25. Rd1 Rb8 (25... Rg8 $16 26. Rxg8+ Kxg8) 26. Rd5 $18 {d7 is the strong threat.} f4 $2 (26... Rd8 27. Ke2 f4) 27. d7 Ke7 {[#]} 28. Re5+ $1 Kf6 29. Re8 f3 30. Rc2 {Precision: White = 81%, Black = 26%.} 1-0

[Event "IIFL Wealth 4th Mumbai GM"]
[Site "Mumbai"]
[Date "2019.01.01"]
[Round "3"]
[White "Navalgund, Niranjan"]
[Black "Manik, Mikulas"]
[Result "1/2-1/2"]
[WhiteElo "2240"]
[BlackElo "2410"]
[Annotator "TA"]
[PlyCount "53"]
[EventDate "2018.12.30"]
[EventType "swiss"]
[EventCountry "IND"]
[SourceTitle "playchess.com"]
[Source "ChessBase"]
[SourceQuality "1"]

{[%evp 26,53,55,56,77,43,98,43,39,23,23,29,56,-4,409,-421,-411,-387,-171,-291,-134,-119,0,0,0,-127,0,0,0,-150]} 1. d4 Nf6 2. c4 g6 3. Nc3 Bg7 4. e4 d6 5. Nf3 O-O 6. Be2 e5 7. d5 a5 8. Bg5 h6 9. Be3 Ng4 10. Bd2 Na6 {[%cal Bb8a6,Ba6c5,Bc5a4][%mdl 32]} 11. h3 Nf6 12. Be3 Nc5 13. Nd2 Nfd7 14. g4 {LiveBook: 14 Games. E92: King's Indian: Classical: 6 Be2 e5: 7 dxe5, 7 Be3 and Petrosian System without 7...Nbd7} Nb6 (14... c6 15. Qc2 a4 16. h4 Qa5 17. g5 h5 18. Rb1 Qb4 19. O-O f6 20. Kg2 fxg5 21. hxg5 Rf4 {½-½ (46) D'Costa,L (2426)-Fontaine,R (2559) England 2013}) 15. Nb3 $146 ({Predecessor:} 15. Rg1 Kh7 16. Qc2 a4 17. Rg3 a3 18. b3 Na6 19. Nf3 Nb4 20. Qd2 f5 21. gxf5 gxf5 22. Rxg7+ Kxg7 23. Bxh6+ {½-½ (60) Solana Suarez,E (2308)-Camino Carrio,N (1989) Las Palmas 2016}) 15... Nba4 (15... Nca4 $14) 16. Nxa4 ({White should try} 16. Nxc5 $16 Nxc5 17. h4) 16... Nxa4 $14 17. Qd2 Qh4 18. O-O-O f5 19. gxf5 (19. exf5 $14 gxf5 20. f3) 19... Bxf5 $2 {[%mdl 8192]} (19... gxf5 $11 20. exf5 Bxf5) 20. Rdg1 $4 {[%mdl 8192]} (20. exf5 $18 {is the narrow road to win.} gxf5 21. Qc2) 20... Qxe4 $19 {[%csl Gf5][%cal Re4b1] [#]} 21. Kd1 Rf6 (21... Qb1+ $142 22. Nc1 Nxb2+ 23. Ke1 a4) 22. Nc1 (22. Qc1 $142) 22... Kh8 (22... Qb1 $19 {and Black stays clearly on top. Hoping for ...Be4.} 23. b3 Nb2+ 24. Ke1 Be4) 23. Bd3 $17 Qf3+ 24. Be2 Qe4 25. Bd3 Qf3+ 26. Be2 Qe4 27. Bd3 {Accuracy: White = 35%, Black =  7%.} 1/2-1/2

[Event "IIFL Wealth 4th Mumbai GM"]
[Site "Mumbai"]
[Date "2019.01.01"]
[Round "3"]
[White "Mohite, Ranveer"]
[Black "Rajesh, V A V"]
[Result "1/2-1/2"]
[WhiteElo "2236"]
[BlackElo "2402"]
[Annotator "TA"]
[PlyCount "68"]
[EventDate "2018.12.30"]
[EventType "swiss"]
[EventCountry "IND"]
[SourceTitle "playchess.com"]
[Source "ChessBase"]
[SourceQuality "1"]

{[%evp 21,68,26,20,22,13,26,15,13,32,5,0,0,14,0,29,30,177,179,195,118,126,48,54,37,43,28,27,25,31,8,16,14,42,38,38,38,39,21,34,8,29,0,54,0,24,0,50,0,0]} 1. e4 e5 2. Nf3 Nc6 3. Bb5 {[%cal Bf1b5,Bb5a4,Ba4b3][%mdl 32]} a6 4. Ba4 d6 5. O-O Bd7 6. d4 exd4 7. Nxd4 b5 8. Nxc6 Bxc6 9. Bb3 Nf6 10. Nc3 Be7 {C72: Ruy Lopez: Deferred Steinitz: 5 0-0} 11. Re1 O-O {LiveBook: 5 Games} 12. a4 (12. a3 Re8 13. Qf3 a5 14. Bd2 Rb8 15. g4 {1-0 (58) Wang,H (2709)-Fressinet,L (2662) Riadh 2017}) 12... b4 13. Nd5 Nxd5 14. exd5 Bd7 15. Be3 $146 ({Predecessor:} 15. Bd2 Bf6 16. Bxb4 Bxb2 17. Rb1 a5 18. Bxd6 cxd6 19. Rxb2 {½-½ (54) Schmider,N (2240)-Baltic,F (2121) Willingen 2018}) 15... Bf6 16. Bd4 a5 17. Bc4 Bf5 18. c3 Bd7 (18... bxc3 $11 {and Black stays safe.} 19. bxc3 Bxd4 20. Qxd4 Bd7) 19. cxb4 $18 axb4 20. b3 ({Better is} 20. a5 $18) 20... c5 21. Bxf6 (21. dxc6 $1 $16 Bxc6 22. Rc1) 21... Qxf6 $14 22. Ra2 Rfe8 23. Rae2 Rxe2 24. Qxe2 Kf8 25. Qd2 h6 26. h3 Qg6 27. Re3 Qg5 28. Qe1 Qf6 29. Qc1 Qg5 30. Re1 Qg6 31. Re3 Qg5 32. Re1 Qg6 33. Re3 Qg5 34. Re1 Qg6 {Accuracy: White = 34%, Black = 56%.} 1/2-1/2

[Event "IIFL Wealth 4th Mumbai GM"]
[Site "Mumbai"]
[Date "2019.01.01"]
[Round "3"]
[White "Praveen Kumar C"]
[Black "Trisha Kanyamarala"]
[Result "1-0"]
[WhiteElo "2233"]
[BlackElo "1942"]
[Annotator "TA"]
[PlyCount "105"]
[EventDate "2018.12.30"]
[EventType "swiss"]
[EventCountry "IND"]
[SourceTitle "playchess.com"]
[Source "ChessBase"]
[SourceQuality "1"]

{[%evp 10,105,28,9,50,39,55,60,91,92,79,92,100,95,95,97,84,93,98,79,79,84,108,59,50,23,26,32,41,14,18,0,23,33,53,53,89,94,170,150,172,165,150,87,83,72,78,85,89,85,96,87,88,88,88,88,88,98,116,116,130,128,126,120,138,120,279,285,324,310,337,283,328,299,309,308,297,303,290,289,300,290,795,765,1791,2012,29974,29975,29974,29977,29979,2047,29991,29990,29990,29981,29987,29987]} 1. d4 d5 2. c4 e6 3. cxd5 Bb4+ 4. Nc3 exd5 5. Nf3 Nf6 6. Bg5 {LiveBook: 2561 Games} Nc6 {D38: Queen's Gambit Declined: Ragozin Defence (4 Nf3 Bb4)} (6... h6 7. Bh4 O-O 8. e3 Bf5 9. Qb3 Bxc3+ 10. Qxc3 Nbd7 11. Qa3 c6 12. Be2 Qb6 13. Nd2 a5 14. O-O Rfe8 15. Rfe1 {½-½ (34) Aronian,L (2780)-Deac,B (2594) Douglas 2018}) 7. e3 Be6 8. Bb5 Bd7 $146 {White is slightly better.} ({Predecessor:} 8... Qd6 9. Bf4 Qd8 10. Bxc6+ bxc6 11. O-O Bxc3 12. bxc3 h6 13. Ne5 Bd7 {1-0 (78) Schiopu,A (1599)-Avadani,T (1597) Calimanesti Caciulata 2016}) 9. O-O Bxc3 10. bxc3 O-O 11. Qb1 h6 12. Bh4 g5 13. Bg3 Ne4 14. Bd3 Nxg3 15. hxg3 Rb8 16. Bb5 Ne7 17. Ne5 Bxb5 18. Qxb5 c6 19. Qc5 b6 20. Qa3 Qc7 21. c4 f6 22. cxd5 $1 cxd5 23. Rac1 $36 {[%mdl 2048] White is in control.} Qb7 {[#]} (23... Qd8 $16) 24. Qd6 $1 $18 Rbd8 ({But not} 24... fxe5 $2 25. Rc7 $18) 25. Qe6+ Kg7 26. Nc6 ({White should try} 26. Rc2 {And now Rfc1 would win.} Rc8 27. Rfc1 Rxc2 28. Rxc2) 26... Nxc6 $16 27. Rxc6 Qd7 28. Qxd7+ Rxd7 {[%mdl 4096] Endgame KRR-KRR} 29. g4 Kf7 30. g3 Ke7 31. Kg2 Rd6 32. Rc3 Rh8 33. Rfc1 Rhd8 34. f4 Ke6 35. Kf3 Ke7 36. f5 R6d7 37. R3c2 Rh8 $2 {[#]} (37... a6 $16 38. Rh1 Rh8) 38. Rc6 $1 $18 h5 39. gxh5 Rxh5 40. Re6+ Kf7 41. Rcc6 Rh6 42. a4 Rb7 43. Rcd6 Re7 44. e4 ({Weaker is} 44. Rxd5 Rxe6 45. fxe6+ Kxe6 $14) 44... dxe4+ 45. Kxe4 Rxe6+ $2 (45... Rc7 46. Rc6 Rd7) 46. fxe6+ {KR-KR} Ke7 47. Kd5 Rh1 48. Rd7+ Ke8 49. Kd6 Rd1 50. d5 {White wants to mate with Rh7.} f5 51. Rxa7 {[%cal Ra7a8] White mates.} Kf8 52. Ra8+ Kg7 53. e7 {Accuracy: White = 78%, Black = 35%.} 1-0

[Event "IIFL Wealth 4th Mumbai GM"]
[Site "Mumbai"]
[Date "2019.01.01"]
[Round "3"]
[White "Bhambure, Shantanu"]
[Black "Wahba, David George"]
[Result "1-0"]
[WhiteElo "2223"]
[BlackElo "1295"]
[Annotator "TA"]
[PlyCount "51"]
[EventDate "2018.12.30"]
[EventType "swiss"]
[EventCountry "IND"]
[SourceTitle "playchess.com"]
[Source "ChessBase"]
[SourceQuality "1"]

{[%evp 14,50,57,57,105,102,239,241,261,260,243,249,515,515,429,124,116,116,110,103,226,226,226,203,467,456,473,459,399,363,391,376,939,905,1418,1370,1795,1794,29999]} 1. d4 d5 2. c4 c6 3. Nf3 Nf6 4. Nc3 dxc4 5. a4 Bf5 6. Ne5 Nbd7 7. Nxc4 e6 8. f3 {LiveBook: 27 Games} c5 {D17: Slav Defence: 5 a4 Bf5: Lines with 6 Nh4 and 6 Ne5} (8... Bb4 9. e4 Bg6 10. Be2 a5 11. O-O Nb6 12. Be3 Nxc4 13. Bxc4 O-O 14. Qb3 Nd7 15. Rfd1 Qe7 16. Ne2 Nb6 17. Nf4 Nxc4 18. Qxc4 {½-½ (27) Nikolaidis,I (2534)-Warakomski,T (2537) Heraklion 2018}) 9. e4 {[%cal Be2e4,Be4d5][%mdl 32]} Bg6 (9... cxd4 $16 10. Qxd4 (10. exf5 dxc3 11. bxc3 Nd5 $11) 10... Bg6) 10. d5 $146 ({Predecessor:} 10. Be3 cxd4 11. Bxd4 Be7 12. Qb3 b6 13. a5 O-O 14. Rd1 bxa5 15. Bxf6 Bxf6 16. Qb5 Bxc3+ 17. bxc3 Qf6 18. Qxd7 Rfd8 19. Qb7 Rxd1+ 20. Kxd1 Rd8+ 21. Kc2 Qh4 22. Qxa7 {1-0 (22) Barissever,E (1903)-Ilbay,H (1559) Antalya 2017}) 10... exd5 {White is clearly better.} 11. exd5 ({Weaker is} 11. Nxd5 Nxd5 12. Qxd5 Qc7 $16) 11... Nb6 {[#]} 12. Nxb6 $1 axb6 $2 (12... Qxb6 {is a better defense.} 13. Bb5+ Kd8) 13. Bb5+ Nd7 14. O-O $2 (14. d6 $18 {is the precise move to win.} Qh4+ 15. g3) 14... Bd6 $16 15. Re1+ Kf8 16. f4 {[%cal Bf3f4,Bf4f5][%mdl 32]} Nf6 {[#]} (16... h5 $16) 17. g4 $1 $18 h6 18. Qf3 Qc8 $2 (18... Bc2 {might work better.} 19. Re2 Bg6) 19. f5 Bh7 20. Bf4 Qc7 21. Bxd6+ Qxd6 22. Re2 g6 $2 (22... Rg8 23. Rf1 Rd8) 23. fxg6 {Hoping for Re6!} Bxg6 {[#]} 24. Re6 $1 {[%mdl 576] Double Attack} Qc7 (24... fxe6 25. Qxf6+) 25. Qxf6 {[%cal Rf6h8]} Rd8 26. Qxh8# {Accuracy: White = 72%, Black = 11%.} 1-0

[Event "IIFL Wealth 4th Mumbai GM"]
[Site "Mumbai"]
[Date "2019.01.01"]
[Round "3"]
[White "Mehdi Hasan Parag"]
[Black "Stupak, Kirill"]
[Result "1/2-1/2"]
[WhiteElo "2218"]
[BlackElo "2557"]
[Annotator "TA"]
[PlyCount "34"]
[EventDate "2018.12.30"]
[EventType "swiss"]
[EventCountry "IND"]
[SourceTitle "playchess.com"]
[Source "ChessBase"]
[SourceQuality "1"]

{[%evp 29,34,114,188,177,160,183,159]} 1. e4 e6 2. d4 d5 3. Nc3 Qd7 4. e5 Bb4 5. a3 Bxc3+ 6. bxc3 b6 7. Qg4 f5 8. Qg3 Ba6 9. Bxa6 Nxa6 10. Ne2 O-O-O 11. a4 Nb8 12. a5 {C16: French: 3 Nc3 Bb4 4 e5: Lines without ...c5} Nc6 13. axb6 cxb6 14. O-O Kb8 15. Nf4 Ka8 {[#] LiveBook: 4 Games} (15... Nh6 $16) 16. Ba3 $1 $18 {[#]} Na5 $146 ({Predecessor:} 16... g6 17. Rfb1 Na5 18. Qh4 g5 19. Qxg5 Rc8 20. Bc5 Rb8 21. Bd6 Re8 22. Rxa5 bxa5 23. Nd3 h6 24. Qg3 f4 25. Qxf4 {1-0 (25) Borisovsky,D (2304)-Stupak,K (2583) St Petersburg 2018}) 17. Bb4 Nc6 1/2-1/2

[Event "IIFL Wealth 4th Mumbai GM"]
[Site "Mumbai"]
[Date "2019.01.01"]
[Round "3"]
[White "Srija, Seshadri"]
[Black "Larmet, Nino"]
[Result "1-0"]
[WhiteElo "2210"]
[BlackElo "1835"]
[Annotator "TA"]
[PlyCount "41"]
[EventDate "2018.12.30"]
[EventType "swiss"]
[EventCountry "IND"]
[SourceTitle "playchess.com"]
[Source "ChessBase"]
[SourceQuality "1"]

{[%evp 24,41,66,60,79,66,60,51,102,94,181,173,195,206,554,565,540,549,564,568]} 1. e4 e5 2. Nf3 Nc6 3. Bb5 a6 4. Ba4 Nf6 5. O-O Be7 6. Re1 b5 7. Bb3 d6 8. c3 O-O 9. d4 Bg4 10. Be3 Na5 {C91: Closed Ruy Lopez: 7...d6 8 c3 0-0 9 d4} (10... exd4 11. cxd4 d5 12. e5 Ne4 13. h3 Bh5 14. Nbd2 a5 15. a4 bxa4 16. Bxa4 Nb4 17. Nf1 c5 18. dxc5 Bxc5 19. Bxc5 Nxc5 20. Ng3 Bg6 {½-½ (52) Maghsoodloo,P (2649)-Ding,L (2804) Batumi 2018}) 11. dxe5 dxe5 12. Qxd8 Raxd8 13. Nxe5 {[#] LiveBook: 3 Games} Bh5 $146 ({Predecessor:} 13... Bd6 14. f4 Bxe5 15. fxe5 Nd7 16. h3 Be6 17. Bxe6 fxe6 18. Bg5 {½-½ (33) Fishbein,A (2504)-Panchanathan,M (2570) Arlington 2013}) 14. Nd2 Bd6 15. Nef3 {[#] And now e5 would win.} Rde8 ({Black should try} 15... Rfe8 $14) 16. Bd4 {Strongly threatening e5.} Nd7 (16... Bxf3 $16 17. Bxf6 (17. Nxf3 Rxe4 18. Rxe4 Nxe4 $16) (17. gxf3 Nd7 $16) 17... Bg4) 17. e5 $18 Be7 18. e6 Nc5 $2 {[#]} (18... Nb8 {is more resistant.} 19. Be5 Nxb3 20. axb3 Rc8 21. exf7+ Rxf7) 19. exf7+ {White is clearly winning.} Bxf7 20. Bxf7+ Rxf7 21. Bxc5 {[%mdl 64] Pin} 1-0

[Event "IIFL Wealth 4th Mumbai GM"]
[Site "Mumbai"]
[Date "2019.01.01"]
[Round "3"]
[White "Aaryan Varshney"]
[Black "Ankit, R. Rajpara"]
[Result "1/2-1/2"]
[WhiteElo "2200"]
[BlackElo "2465"]
[Annotator "TA"]
[PlyCount "54"]
[EventDate "2018.12.30"]
[EventType "swiss"]
[EventCountry "IND"]
[SourceTitle "playchess.com"]
[Source "ChessBase"]
[SourceQuality "1"]

{[%evp 23,54,0,5,4,5,-1,0,-1,0,-21,8,-1,0,0,0,-5,5,0,0,0,0,0,3,6,31,-4,0,0,18,-12,0,0,0]} 1. d4 Nf6 2. Nf3 d5 3. c4 e6 4. Nc3 a6 5. e3 dxc4 6. Bxc4 b5 7. Be2 Bb7 8. O-O c5 9. dxc5 Bxc5 10. Qxd8+ Kxd8 11. Rd1+ Ke7 12. b3 Nc6 13. Bb2 {D27: Queen's Gambit Accepted: Classical main line: 7 e4!? and 7 a4} Rhd8 14. Rac1 Rxd1+ 15. Rxd1 Rc8 16. h3 $146 ({Predecessor:} 16. Nd2 Nb4 17. a4 Nbd5 18. Nxd5+ Bxd5 19. axb5 axb5 20. Bxb5 Rb8 {½-½ (69) Kononenko,T (2374)-Levushkina,E (2288) Germany 2013}) 16... h6 17. Kf1 Bd6 18. Bd3 g5 19. Bb1 Rd8 20. g3 Bb4 {[#] ...Bxc3 is the strong threat.} 21. Rxd8 Nxd8 22. Ke2 Bd6 23. Nd2 Nc6 24. Nf3 Nd8 {The position is equal.} 25. Nd2 Nc6 26. Nf3 Nd8 27. Nd2 Nc6 {Precision: White = 38%, Black = 51%.} 1/2-1/2

[Event "IIFL Wealth 4th Mumbai GM"]
[Site "Mumbai"]
[Date "2019.01.01"]
[Round "3"]
[White "Banerjee, Sushant"]
[Black "Movsziszian, Karen"]
[Result "0-1"]
[WhiteElo "2198"]
[BlackElo "2505"]
[Annotator "TA"]
[PlyCount "81"]
[EventDate "2018.12.30"]
[EventType "swiss"]
[EventCountry "IND"]
[SourceTitle "playchess.com"]
[Source "ChessBase"]
[SourceQuality "1"]

{[%evp 9,81,33,42,2,-1,0,0,-4,-6,-31,-16,-56,0,-7,0,-6,-10,-14,0,-14,-9,-71,-25,-157,-126,-218,-222,-247,-247,-238,-238,-234,-221,-262,-249,-294,-273,-303,-317,-305,-132,-116,-118,-154,-150,-169,-141,-149,-170,-298,-287,-359,-354,-532,-339,-354,-343,-560,-525,-731,-706,-3279,-2637,-29961,-29962,-29960,-29961,-29962,-29959,-6077,-6077,-29985,-29986,-29976]} 1. e4 g6 2. Nc3 Bg7 3. Bc4 c6 4. Nf3 b5 {[%cal Bb7b5,Bb5b4][%mdl 32]} (4... d6 5. O-O e6 6. Re1 Ne7 7. d4 b5 8. Bd3 b4 9. Ne2 Nd7 10. Bf4 Qc7 11. Qd2 Rb8 12. c3 bxc3 13. Nxc3 {1-0 (36) Wang,C (2498)-Lalith,B (2572) Manila 2013}) 5. Bb3 a5 {White must now prevent ...a4.} 6. a4 {B06: Modern Defence} b4 7. Ne2 d5 8. exd5 $146 {The position is equal.} ({Predecessor:} 8. O-O Nf6 9. e5 Ne4 10. d4 f6 11. Nf4 O-O 12. Re1 {0-1 (47) Marttala,T (2272)-Kimari,P (2129) Sweden 2008}) 8... cxd5 9. d4 Nc6 10. c4 bxc3 11. bxc3 Ba6 12. O-O Nf6 13. Re1 Rc8 14. Nf4 O-O 15. Ba3 {[#]} (15. h4 $11) 15... Re8 $1 $17 16. Bc5 (16. h4 $11) 16... e6 17. Qc2 (17. Bc2 $17) 17... Nd7 $19 18. Rad1 Nxc5 19. dxc5 Qf6 20. Ne2 Bxe2 21. Qxe2 Qxc3 {[%mdl 64] Double Attack} 22. Qb5 Nb4 23. Bxd5 Nxd5 24. Rxd5 Qxe1+ (24... Rb8 $19 25. Rd3 Rxb5 26. Rxc3 Bxc3 27. axb5 Bxe1 28. Nxe1 Rc8) 25. Nxe1 $17 exd5 {[%mdl 64] Discovered Attack} 26. Nf3 Rb8 27. Qd3 Rec8 28. g3 Rxc5 29. Nd4 (29. Kg2 $142) 29... Rb4 $19 30. Nb5 Rxa4 31. Qe3 (31. Nd6 $142 Bf8 32. Ne8) 31... Rc8 ({Less strong is} 31... Rxb5 32. Qe8+ Bf8 33. Qxb5 $15) 32. Nd6 Rf8 33. Qe7 $2 (33. Kg2 {was called for.}) 33... d4 {[%cal Bd5d4,Bd4d3,Bd3d2][%mdl 32]} 34. Kg2 d3 {Threatens to win with ...d2.} 35. Nxf7 d2 36. Qe6 Rxf7 ({Weaker is} 36... d1=Q 37. Nh6+ Kh8 {[#]} 38. Qg8+ $1 {[%mdl 512]} Rxg8 39. Nf7#) 37. Qe8+ Rf8 38. Qxa4 Rd8 39. Qd1 {[#]} a4 $1 {[%cal Ba5a4,Ba4a3][%mdl 544]} 40. Kf1 (40. Qxa4 d1=Q) 40... a3 41. Kg2 {Accuracy: White = 22%, Black = 70%.} 0-1

[Event "IIFL Wealth 4th Mumbai GM"]
[Site "Mumbai"]
[Date "2019.01.01"]
[Round "3"]
[White "Phadke Sohan"]
[Black "Das, Sayantan"]
[Result "0-1"]
[WhiteElo "2191"]
[BlackElo "2453"]
[Annotator "TA"]
[PlyCount "62"]
[EventDate "2018.12.30"]
[EventType "swiss"]
[EventCountry "IND"]
[SourceTitle "playchess.com"]
[Source "ChessBase"]
[SourceQuality "1"]

{[%evp 22,62,31,13,30,26,43,38,45,35,67,33,32,0,-34,-55,-56,-41,-60,-54,-57,-97,-86,-92,-97,-108,-97,-83,-83,-180,-164,-169,-131,-165,-80,-178,-183,-330,-236,-241,-241,-240,-223]} 1. e4 e6 2. d4 d5 3. Nc3 Bb4 4. exd5 exd5 5. Bd3 Nc6 6. a3 Bxc3+ 7. bxc3 Nge7 8. Rb1 b6 9. Qh5 Be6 10. Nf3 {C01: French: Exchange Variation} Qd7 11. Ng5 O-O-O 12. Nxe6 {LiveBook: 22 Games. White is slightly better.} ({Don't go for} 12. Nxf7 $2 g6 $19) (12. O-O Bg4 13. Qxf7 h6 14. f3 Bf5 15. Bxf5 Nxf5 16. Qxd7+ Rxd7 17. Nh3 Re8 {½-½ (32) Alekseev,E (2682)-Sethuraman,S (2613) St Petersburg 2014}) 12... fxe6 13. O-O Rdf8 14. a4 $146 ({Predecessor:} 14. Re1 Nf5 15. Qe2 Re8 16. Bf4 Rhf8 17. Be5 g6 {½-½ (57) Beck,F (2284)-Crut,A (2342) Germany 2007}) 14... Nf5 15. Re1 h6 16. Qe2 Rf6 17. a5 ({Better is} 17. Bb2 $14) 17... Nxa5 $15 18. Bxf5 Rxf5 19. Qa6+ Kd8 20. Qxa7 Re8 $1 21. Ba3 {[#]} Qc6 $1 22. Bb4 Kd7 23. Qa6 Nc4 24. Ra1 e5 {[%cal Be6e5,Be5e4][%mdl 32]} 25. Qa4 (25. dxe5 $17 Rfxe5 26. Rxe5 Rxe5 27. Bf8) 25... Qxa4 $19 26. Rxa4 Rf4 27. g3 {[#]} Rf7 (27... Rf5 $1 $19 28. dxe5 Rfxe5 29. Rxe5 Nxe5) 28. Ra7 (28. dxe5 $17 Rxe5 29. Rxe5 Nxe5 30. Kg2) 28... e4 29. Ba3 (29. Rea1 $142 Kc6 30. Ra8) 29... Rf3 30. Bc1 Rxc3 31. Bf4 Rc8 {Accuracy: White = 37%, Black = 52%.} ({Not} 31... Rxc2 32. Rxc7+ Ke6 33. Rxg7 $11) 0-1